| 000 | 00796cam a2200229 a 4500 | ||
|---|---|---|---|
| 001 | 000018660 | ||
| 005 | 20260206104111.0 | ||
| 008 | 891205s1971 nyu 000 0 eng d | ||
| 040 |
_aDO-SdBNP _beng _cLC _dBNPHU |
||
| 082 |
_a814.54 _bD357r |
||
| 100 | 1 |
_aDellinger, David T., _d1915-2004 _940307 |
|
| 245 | 1 | 0 |
_aRevolutionary nonviolence : _bessays / _cDave Dellinger. |
| 260 |
_aGarden City, New York : _bAnchor Books, _c1971. |
||
| 300 |
_axxvii, 490 p. ; _c18 cm. |
||
| 650 | 4 |
_aEnsayos estadounidense _912485 |
|
| 650 | 4 |
_aLiteratura estadounidense _9263 |
|
| 651 | 4 |
_aEstados Unidos _xRelaciones Exteriores _y1945-1989. _92972 |
|
| 651 | 4 |
_aEstados Unidos _xPolítica Y Gobierno _y1945-1989. _940308 |
|
| 650 | 0 |
_aNo-violencia _940309 |
|
| 910 | _aCatalogación derivada / LC | ||
| 049 | _aBNGR | ||
| 999 |
_c18180 _d18180 |
||